• 首页
  • 本馆介绍
  • 公告通知
  • 最新文献
  • 馆藏检索
  • 电子资源
  • 读者导购
  • 参考咨询
  • 我的图书馆
  • 登录
  • 详细信息显示
  • 放入我的书架
  • 预约/预借图书
  • 作者相关作品
  • 分类相关作品
  • 丛书相关作品
  • 出版社相关作品

书目信息

  • 表格格式
  • 工作单格式
  • 卡片格式
题名:
中国物流
    
 
作者: 丁俊发 编著
分册:  
出版信息: 北京   中国物资出版社  2007
页数: 729页
开本: 23cm
丛书名: 中国物流专家专著系列
单 册:
中图分类: F259.22
科图分类:
主题词: 物流--研究--中国 , 物流
电子资源:
ISBN: 978-7-5047-2620-9
000 00811oam2 2200277 450
001 003520103
005 20091207094434.50
010    @a978-7-5047-2620-9@dCNY80.00
100    @a20070327d2007 emky0chiy0110 ea
101 0  @achi
102    @aCN@b110000
105    @ay z 000yy
106    @ar
200 1  @a中国物流@9zhong guo wu liu@f丁俊发编著
205    @a2版
210    @a北京@c中国物资出版社@d2007
215    @a729页@d23cm
225 0  @a中国物流专家专著系列
330    @a本书包括:国家领导人论物流、中国物流业发展的历史、中国现代物流业发展战略三部分内容。
461  0 @12001 @a中国物流专家专著系列
606 0  @a物流@x研究@y中国
606 0  @a物流
690    @aF259.22@v4
701  0 @a丁俊发@9ding jun fa@f(1940~)@4编著
801  0 @aCN@bNLC@c20091207
905    @b20796545-50@dF259.22@e125=2@f6
    
    中国物流/丁俊发编著.-2版.-北京:中国物资出版社,2007
    729页;23cm.-(中国物流专家专著系列)
    
    
    ISBN 978-7-5047-2620-9:CNY80.00
    本书包括:国家领导人论物流、中国物流业发展的历史、中国现代物流业发展战略三部分内容。
●
相关链接 在E读中查询图书 在五车中查询图书 在当当中查询图书 在豆瓣中查询图书


正题名:中国物流     索取号:F259.22/125=2         预约/预借

序号 登录号 条形码 馆藏地/架位号 状态 备注
1 796545   207965451   第一样本阅览室/ [索取号:F259.22/125=2] 在馆    
2 796546   207965460   第一借阅区/ [索取号:F259.22/125=2] 在馆    
3 796547   207965479   第一借阅区/ [索取号:F259.22/125=2] 在馆    
4 796548   207965488   第一借阅区/ [索取号:F259.22/125=2] 在馆    
5 796549   207965497   第一借阅区/ [索取号:F259.22/125=2] 在馆    
6 796550   207965503   第一借阅区/ [索取号:F259.22/125=2] 在馆    
唐山师范学院图书馆 欢迎您!
大连网信软件有限公司© 版权所有